Statistiche per Rosa AC Milan 2023-2024

Clicka qui per fare il quiz!

Statistiche generali

  • Questo quiz è stato fatto 85 volte
    (4 dall'ultimo reset)
  • Il punteggio medio è 20 su 32

Statistiche sulle risposte

RuoloGiocatore% Corretto
PAntonio Mirante
100%
AChristian Pulisic
100%
CIsmael Bennacer
100%
PMarco Sportiello
100%
PMike Maignan
100%
ANoah Okafor
100%
AOlivier Giroud
100%
ARafael Leão
100%
AllenatoreStefano Pioli
100%
DTheo Hernàndez
100%
DAlessandro Florenzi
75%
DDavide Calabria
75%
DMalick Thiaw
75%
DMatteo Gabbia
75%
CRuben Loftus-Cheek
75%
DSimon Kjaer
75%
CYacine Adli
75%
DFikayo Tomori
50%
DFilippi Terracciano
50%
ALuka Jović
50%
DPierre Kalulu
50%
ASamuel Chukwueze
50%
CTijjani Reijnders
50%
CTommaso Pobega
50%
CYunus Musah
50%
DMarco Pellegrino
25%
DMattia Caldara
25%
CRade Krunic
25%
AChaka Traoré
0%
AEmil Roback
0%
PLapo Nava
0%
ALuka Romero
0%

Distribuzione punteggi

Percentile per numero di risposta

Percentuale di utenti per punteggio

I tuoi punteggi nel tempo

Non hai fatto questo quiz dall'ultimo reset